УИРС. Часть 8 (профиль Релейная защита и автоматизация электроэнергетических систем) / ДО 2019 (13.03.02): электронный курс

Detalles Bibliográficos
Autor principal: Шестакова В. В. Вера Васильевна
Autor Corporativo: Национальный исследовательский Томский политехнический университет Инженерная школа энергетики Отделение электроэнергетики и электротехники
Otros Autores: Шолохова И. И. Ирина Игоревна, Гречушников В. В. Владислав Викторович
Sumario:Заглавие с экрана
Основной целью курса является онлайн-сопровождение самостоятельной работы по дисциплине "Учебно-исследовательская работа студентов". Курс предназначен для студентов 5 курса (9 семестр) заочной формы обучения. Учебно-исследовательская работа студентов (УИРС) – деятельность студентов, которая создаёт предпосылки для их вовлечения в активную научно-исследовательскую работу, требует от студентов большей самостоятельности в учебном процессе, способствует более глубокому усвоению программного материала, приобретению не только определенного объёма знаний, но и устойчивых навыков практического применения этих знаний.
Интерактивный мультимедиа ресурс
AM_Login_TPU
Lenguaje:ruso
Publicado: Томск, TPU Moodle, 2023
Materias:
Acceso en línea:https://design.lms.tpu.ru/course/view.php?id=4784
Formato: MixedMaterials Electrónico Libro
KOHA link:https://koha.lib.tpu.ru/cgi-bin/koha/opac-detail.pl?biblionumber=670775

MARC

LEADER 00000nlm0a2200000 4500
001 670775
005 20241125162727.0
090 |a 670775 
100 |a 20240220d2023 m||y0rusy50 ca 
101 0 |a rus 
102 |a RU 
105 |a a j 000yy 
135 |a jrcn ---uucaa 
181 0 |a i   |b  e  
182 0 |a b 
183 0 |a cr  |2 RDAcarrier 
200 1 |a УИРС. Часть 8 (профиль Релейная защита и автоматизация электроэнергетических систем) / ДО 2019 (13.03.02)  |e электронный курс  |f В. В. Шестакова, И. И. Шолохова, В. В. Гречушников  |g Национальный исследовательский Томский политехнический университет, Отделение электроэнергетики и электротехники 
203 |a Текст  |c электронный  |b визуальный 
210 |a Томск  |c TPU Moodle  |d 2023 
283 |a online_resource  |2 RDAcarrier 
300 |a Заглавие с экрана 
330 |a Основной целью курса является онлайн-сопровождение самостоятельной работы по дисциплине "Учебно-исследовательская работа студентов". Курс предназначен для студентов 5 курса (9 семестр) заочной формы обучения. Учебно-исследовательская работа студентов (УИРС) – деятельность студентов, которая создаёт предпосылки для их вовлечения в активную научно-исследовательскую работу, требует от студентов большей самостоятельности в учебном процессе, способствует более глубокому усвоению программного материала, приобретению не только определенного объёма знаний, но и устойчивых навыков практического применения этих знаний. 
336 |a Интерактивный мультимедиа ресурс 
371 |a AM_Login_TPU 
606 1 |a Релейная защита в целом  |9 49192 
606 1 |a Электроэнергетические системы  |x Автоматизация  |9 46094 
610 1 |a электронный ресурс 
610 1 |a труды учёных ТПУ 
610 1 |a электронное обучение 
610 1 |a кампусные онлайн-курсы 
610 1 |a дистанционное образование 
610 1 |a дистанционное обучение 
610 1 |a e-learning 
610 1 |a Moodle 
675 |a 621.316.925.1(07)  |v 4  |z rus 
675 |a  621.311-5(07)  |v 4  |z rus 
700 1 |a Шестакова  |b В. В.  |c специалист в области электротехники  |c доцент Томского политехнического университета, кандидат технических наук  |f 1968-  |g Вера Васильевна  |9 12439 
701 1 |a Шолохова  |b И. И.  |c специалист в области электроэнергетики  |c старший преподаватель Томского политехнического университета  |f 1970-  |g Ирина Игоревна  |9 15949 
701 1 |a Гречушников  |b В. В.  |c специалист в области электроэнергетики  |c старший преподаватель Томского политехнического университета  |f 1991-  |g Владислав Викторович  |y Томск  |9 20196 
712 0 2 |a Национальный исследовательский Томский политехнический университет  |b Инженерная школа энергетики  |b Отделение электроэнергетики и электротехники  |9 28321 
801 0 |a RU  |b 63413507  |c 20240220  |g RCR 
856 4 |u https://design.lms.tpu.ru/course/view.php?id=4784  |z https://design.lms.tpu.ru/course/view.php?id=4784 
942 |c CF